• 首页
  • 本馆介绍
  • 公告通知
  • 最新文献
  • 馆藏检索
  • 电子资源
  • 读者导购
  • 参考咨询
  • 我的图书馆
  • 登录
  • 详细信息显示
  • 放入我的书架
  • 预约/预借图书
  • 作者相关作品
  • 分类相关作品
  • 丛书相关作品
  • 出版社相关作品

书目信息

  • 表格格式
  • 工作单格式
  • 卡片格式
题名:
日帝霸占朝鲜始末
    
 
作者: 杨昭全 著
分册:  
出版信息: 北京   商务印书馆  1983
页数: 54页
开本: 19cm
丛书名: 外国历史小丛书
单 册:
中图分类: K312.4
科图分类:
主题词: 东亚--历史
电子资源:
ISBN:
000 00610nam0 2200229 45
001 0204170825
005 20060424163555.92
010    @dCNY0.18
091    @a11017.590
100    @a20020417d1983 km y0chiy0120 ea
101 0  @achi
200 1  @a日帝霸占朝鲜始末@ARi Di Ba Zhan Chao Xian Shi Mo@e1876-1910@f杨昭全著@FYang Zhao Quan Zhu
210    @a北京@c商务印书馆@d1983
215    @a54页@d19cm
225    @a外国历史小丛书
410    @12001 @a外国历史小丛书
517    @a1876-1910
606 0  @a东亚@x历史
690    @aK312.4@v3
701  0 @a杨昭全@4著
801    @aCN@bTSTC@c20060424
905    @dK312.4@e1
    
    日帝霸占朝鲜始末:1876-1910/杨昭全著.-北京:商务印书馆,1983
    54页;19cm.-(外国历史小丛书)
    
    
    ISBN :CNY0.18
    
●
相关链接 在E读中查询图书 在五车中查询图书 在当当中查询图书 在豆瓣中查询图书


正题名:日帝霸占朝鲜始末     索取号:K312.4/1         预约/预借

序号 登录号 条形码 馆藏地/架位号 状态 备注
1 0093716   202282573   密集书库/ [索取号:K312.4/1] 在馆    
2 0093717   202282537   密集书库/ [索取号:K312.4/1] 在馆    
3 0093718   000357278   第二样本阅览室/ [索取号:K312.4/1] 在馆    
4 0156107   202259849   密集书库/ [索取号:K312.4/1] 在馆    
5 0156108   202272655   密集书库/ [索取号:K312.4/1] 在馆    
6 0156109   202272691   密集书库/ [索取号:K312.4/1] 在馆    
7 0156110   001790538   密集书库/ [索取号:K312.4/1] 在馆    
8 0156111   001790583   密集书库/ [索取号:K312.4/1] 在馆    
唐山师范学院图书馆 欢迎您!
大连网信软件有限公司© 版权所有